Kentlerde yer duygusu : (Kayıt no. 10275)

MARC ayrıntıları
000 -BAŞLIK
Sabit Uzunluktaki Kontrol Alanı 00951nam a22002417a 4500
003 - KONTROL NUMARASI KİMLİĞİ
Kontrol Alanı KOHA_MİRAKIL
005 - EN SON İŞLEM TARİHİ ve ZAMANI
Kontrol Alanı 20260420100935.0
008 - SABİT UZUNLUKTAKİ VERİ ÖGELERİ - GENEL BİLGİ
Sabit Alan 260416b tu ||||| |||| 00| 0 tur d
020 ## - ISBN - ULUSLARARASI STANDART KİTAP NUMARASI
Isbn 9786057331571
040 ## - KATALOGLAMA KAYNAĞI
Özgün Kataloglama Kurumu TR-AnABB
Kataloglama Dili tur
Çeviri Kurumu TR-AnABB
041 ## - DİL KODU
Metin ya da ses kaydının dil kodu tur
082 ## - DEWEY ONU SINIFLAMA SİSTEMİ
Sınıflama Numarası 307.76
Cutter numarası DEM 2022
100 1# - KİŞİ ADI
Yazar Adı (Kişi adı) Demirkol, Atahan
245 10 - ESER ADI BİLDİRİMİ
Başlık Kentlerde yer duygusu :
Alt Eseradı vb. Karadeniz Ereğli ve özelleştimenin yerel etkileri /
Sorumluluk Bildirimi Atahan Demirkol
260 ## - YAYIN, DAĞITIM, VB.
Yayın Yeri Ankara :
Yayınevi İdealkent Yayınları,
Yayın Tarihi 2022
300 ## - FİZİKSEL TANIMLAMA
Sayfa, Cilt vb. 182 sayfa :
Boyutları 20 cm
490 0# - DİZİ BİLDİRİMİ
Dizi Bildirimi İdealkent yayınları ;
Cilt Numarası 51
490 0# - DİZİ BİLDİRİMİ
Dizi Bildirimi Kent ve toplum dizisi ;
Cilt Numarası 3
505 ## - İÇİNDEKİLER NOTU
İçindekiler Notu İçindekiler: Yer ve insan arasındaki eşsiz ilişki biçimi: yer duygusu - Ereğli ortaya çıkıyor: Erdemir öncesi kentin durumu - Ereğli'nin yükselişi ve düşüşü: yer duygusunda yaşanan değişimler
650 04 - KONU BAŞLIĞI EK GİRİŞ - KONU TERİMİ
Konusal terim veya coğrafi ad Kent sosyolojisi
900 ## - YEREL BİLGİ
Kontrol Can ÇELIK
942 ## - EK GİRİŞ ÖGELERİ (KOHA)
Sınıflama Kaynağı Dewey Decimal Classification
Materyal Türü Kitap
Mevcut
Geri Çekilme Durumu Kayıp Durumu Sınıflandırma Kaynağı Kredi için değil Kalıcı Konum Mevcut Konum Kayıt Tarih Toplam Ödünçverme Yer Numarası Demirbaş Numarası Son Görülme Tarihi Fatura Tarihi Materyal Türü
    Dewey Decimal Classification   Prof. Dr. Ruşen Keleş Kütüphanesi Prof. Dr. Ruşen Keleş Kütüphanesi 16/04/2026   307.76 DEM 2022 RK7165 16/04/2026 16/04/2026 Kitap